Vybrané teoretické otázky z podnikateľského rozhodovania

Vymedzenie podnikateľského rozhodovania. Typológia a fázy podnikateľského rozhodovania. Všeobecný model rozhodovania CH.H. Kepnera a B.D. Tregoa. Metódy a postupy pri podnikateľskom rozhodovaní.

Guardado en:
Detalles Bibliográficos
Autor principal: Zwiebová, Darina
Formato: Capítulo de libro
Lenguaje:eslovaco
Materias:
Etiquetas: Agregar Etiqueta
Sin Etiquetas, Sea el primero en etiquetar este registro!

MARC

LEADER 00000naa a2200000 4500
001 r017494
005 20221205101632.4
041 0 |a slo 
044 |a SK 
245 1 0 |a Vybrané teoretické otázky z podnikateľského rozhodovania  |c Darina Zwiebová 
520 |a Vymedzenie podnikateľského rozhodovania. Typológia a fázy podnikateľského rozhodovania. Všeobecný model rozhodovania CH.H. Kepnera a B.D. Tregoa. Metódy a postupy pri podnikateľskom rozhodovaní. 
610 2 0 |a rozhodovanie podnikové 
610 2 0 |a podnikanie 
610 2 0 |a modely rozhodovania 
610 2 0 |a Kepner, CH.H. 
610 2 0 |a Tregoe, B.D. 
100 1 |a Zwiebová, Darina